Historical studies and literary criticism

Αποθηκεύτηκε σε:
Λεπτομέρειες βιβλιογραφικής εγγραφής
Συγγραφή απο Οργανισμό/Αρχή: California Institute of Technology
Άλλοι συγγραφείς: McGann, Jerome J. (Επιμελητής έκδοσης)
Μορφή: Βιβλίο
Γλώσσα:English
Δημοσίευση: Wisconsin : University of Wisconsin Press, 1985
Θέματα:
Ετικέτες: Προσθήκη ετικέτας
Δεν υπάρχουν, Καταχωρήστε ετικέτα πρώτοι!

MARC

LEADER 00000nam a2200000 i 4500
001 1/10626
008 970606s1985 eng d
020 |a 0-299-10284-X 
035 |l 10017925 
040 |a GR-MY-UA  |b gre  |e aacr 
041 0 |a eng 
082 0 |a 801.95 
245 1 0 |a Historical studies and literary criticism /  |c Edited with an introduction by Jerome J. McGann 
260 |a Wisconsin :   |b University of Wisconsin Press,   |c 1985 
300 |a 298 p. 
500 |a Proceedings of the 1984 Caltech-Weingart Conference in Humanities 
504 |a Includes index 
650 0 0 |a Historical criticism (Literature)  |x Congresses. 
650 0 0 |a Literature  |x History and criticism  |x Congresses. 
700 1 |a McGann, Jerome J.  |4 edt 
710 2 |a California Institute of Technology. 
852 |a INST  |b LESVOS  |e 19970606  |h 801.95 HIS  |p 005100011013  |q 005100011013  |t BK  |y 0 
909 |a Λ  |b 049508